000
00307nam a2200157Ia 4500
100
_a
Aswathappa/K
650
_a
Management
250
_a
8
942
_c
BK
245
_a
Human Resource Management
260
_b
McGraw Hill
_c
2017
082
_b
ASW
300
_a
858
546
_a
ENGLISH
999
_c
34559
_d
34559